La glosa que escribió en latín Gregorio López / (Record no. 184939)

MARC details
000 -LEADER
campo de control de longitud fija 00864nam a2200241 i 4500
001 - NÚMERO DE CONTROL
campo de control 184939
003 - IDENTIFICADOR DE NÚMERO DE CONTROL
campo de control ES-MaACL
005 - FECHA Y HORA DE LA ÚLTIMA TRANSACCIÓN
campo de control 20250813040334.0
008 - DATOS DE LONGITUD FIJA--INFORMACIÓN GENERAL
campo de control de longitud fija 160222s1878 sp |||| | spa d
080 ## - NÚMERO DE LA CLASIFICACIÓN DECIMAL UNIVERSAL
Número de la Clasificación Decimal Universal 34(460)"12"(094.4)
245 03 - MENCIÓN DEL TÍTULO
Título La glosa que escribió en latín Gregorio López /
Mención de responsabilidad, etc. vertida al castellano por Diego Ordovás.
260 ## - PUBLICACIÓN, DISTRIBUCIÓN, ETC.
Lugar de publicación, distribución, etc. Madrid :
Nombre del editor, distribuidor, etc. [s.n.],
Fecha de publicación, distribución, etc. 1878 (
Fabricante R. Velasco)
300 ## - DESCRIPCIÓN FÍSICA
Extensión 5 v. ;
Dimensiones 15 cm.
490 1# - MENCIÓN DE SERIE
Mención de serie Biblioteca manual de derecho
594 ## - Nota al título y mención de responsabilidad
Nota al título y mención de responsabilidad Precede al tít.: Código de las siete partidas.
600 04 - PUNTO DE ACCESO ADICIONAL DE MATERIA--NOMBRE DE PERSONA
Nombre de persona Alfonso
Numeración X,
Títulos y otros términos asociados al nombre Rey de Castilla
9 (RLIN) 19872
650 #7 - PUNTO DE ACCESO ADICIONAL DE MATERIA--TÉRMINO DE MATERIA
Término de materia o nombre geográfico como elemento de entrada Derecho-
Subdivisión geográfica Castilla (Reino)
Fuente del encabezamiento o término
9 (RLIN) 165029
700 1# - ENTRADA AGREGADA--NOMBRE PERSONAL
Nombre de persona López de Tovar, Gregorio,
Fechas asociadas al nombre 1496?-1560
9 (RLIN) 158626
700 1# - ENTRADA AGREGADA--NOMBRE PERSONAL
Nombre de persona Ordovás, Diego.
9 (RLIN) 158837
830 0# - PUNTO DE ACCESO ADICIONAL DE SERIE-TÍTULO UNIFORME
Título uniforme Biblioteca manual de derecho
9 (RLIN) 192259
852 ## - LOCALIZACIÓN
Ubicación ES-MaACL
Número de control de estantería G-10994-98
Holdings
Estatus retirado Estado de pérdida Estado de daño No para préstamo Colección Biblioteca de origen Biblioteca actual Ubicación en estantería Fecha de adquisición Fuente de adquisición Total de préstamos Signatura topográfica completa Código de barras Visto por última vez Precio de reemplazo Tipo de ítem Koha
        Libros del s. XIX Biblioteca del Ateneo de Madrid Biblioteca del Ateneo de Madrid Sala Pecera Planta 3 22/02/2016     G-10994-98 1194784 23/02/2023 23/02/2023 Libro impreso antiguo